[Event "14. Bayer Open"]
[Site "Leverkusen"]
[Date "2016.01.11"]
[Round "1.1"]
[White "Linke, Michael"]
[Black "Rotstein, Jefim"]
[Result "0-1"]
[WhiteElo "1792"]
[BlackElo "2268"]
[PlyCount "44"]
[EventDate "2016.??.??"]
[WhiteTeam "Ford SF Köln"]
[BlackTeam "SC Tornado Hochneukirch"]

1. Nf3 c5 2. e4 e6 3. d4 cxd4 4. Nxd4 Nf6 5. Nc3 d6 6. g4 a6 7. g5 Nfd7 8. h4
b5 9. Be3 Bb7 10. Bg2 b4 11. Nce2 Nc5 12. Ng3 d5 13. Qg4 e5 14. O-O-O exd4 15.
Rxd4 Ne6 16. Rd3 d4 17. Nf5 Nc6 18. f4 Bc5 19. e5 Qb6 20. Nd6+ Bxd6 21. exd6
dxe3 22. f5 Ne5 0-1

[Event "14. Bayer Open"]
[Site "Leverkusen"]
[Date "2016.01.11"]
[Round "1.2"]
[White "Marcziter, Dmitrii"]
[Black "Kaspar, Uwe"]
[Result "1-0"]
[WhiteElo "2226"]
[BlackElo "1849"]
[PlyCount "51"]
[EventDate "2016.??.??"]
[WhiteTeam "DJK Aufwärts Aachen"]
[BlackTeam "Düsseldorfer SK"]

1. d4 Nf6 2. Nf3 g6 3. c4 Bg7 4. g3 O-O 5. Bg2 d6 6. O-O c5 7. d5 e5 8. dxe6
fxe6 9. Nc3 a6 10. Bf4 e5 11. Bg5 h6 12. Bxf6 Bxf6 13. Qd5+ Kg7 14. Rad1 Qa5
15. Ne4 Be7 16. Nxd6 Qxa2 17. Qxe5+ Bf6 18. Ne8+ Rxe8 19. Qxe8 Nc6 20. Rd5 Qxc4
21. Rfd1 Nd4 22. Nxd4 cxd4 23. Be4 Bf5 24. Qxa8 Qxe2 25. Qxb7+ Kg8 26. Bf3 1-0

[Event "14. Bayer Open"]
[Site "Leverkusen"]
[Date "2016.01.11"]
[Round "1.3"]
[White "Hertling, Jürgen"]
[Black "Balduan, Markus"]
[Result "0-1"]
[WhiteElo "1645"]
[BlackElo "2228"]
[PlyCount "56"]
[EventDate "2016.??.??"]
[WhiteTeam "SF Köln-Mülheim"]
[BlackTeam "TV Witzhelden"]

1. d4 d5 2. c4 dxc4 3. e4 e5 4. Nf3 exd4 5. Qxd4 Qxd4 6. Nxd4 Bc5 7. Be3 Nf6 8.
Nc3 c6 9. Bxc4 Ng4 10. O-O Nd7 11. Nf5 Nxe3 12. fxe3 O-O 13. Na4 Bb4 14. a3 Ba5
15. Ne7+ Kh8 16. Bxf7 Ne5 17. Nxc8 Nxf7 18. Ne7 g6 19. Rad1 Ne5 20. Rd6 Rxf1+
21. Kxf1 Bc7 22. Nxg6+ hxg6 23. Re6 Rf8+ 24. Ke2 Kg7 25. Nc5 Kf7 26. Rxe5 Bxe5
27. Nd7 Re8 28. Nxe5+ Rxe5 0-1

[Event "14. Bayer Open"]
[Site "Leverkusen"]
[Date "2016.01.11"]
[Round "1.4"]
[White "Kniest, Oliver"]
[Black "Domnick, Michael"]
[Result "1-0"]
[WhiteElo "2252"]
[BlackElo "1800"]
[PlyCount "50"]
[EventDate "2016.??.??"]
[WhiteTeam "SG Solingen"]
[BlackTeam "TV Witzhelden"]

1. d4 Nf6 2. c4 e5 3. dxe5 Ng4 4. Bf4 g5 5. Bd2 Nc6 6. Nf3 Bc5 7. e3 Ngxe5 8.
Nxe5 Nxe5 9. Bc3 Qe7 10. Be2 d6 11. O-O g4 12. Nd2 a5 13. b3 h5 14. Ne4 Rh6 15.
Nxc5 dxc5 16. Qd5 Re6 17. f4 gxf3 18. Bxf3 Nxf3+ 19. Qxf3 Rg6 20. Bf6 Qe6 21.
Rad1 Bd7 22. Qxb7 Rxf6 23. Rxf6 Qxe3+ 24. Kf1 Qc3 25. Qxa8+ Ke7 1-0

[Event "14. Bayer Open"]
[Site "Leverkusen"]
[Date "2016.01.11"]
[Round "1.5"]
[White "Kreutzmann, Duke"]
[Black "Auer, Martin"]
[Result "0-1"]
[WhiteElo "1723"]
[BlackElo "2170"]
[PlyCount "104"]
[EventDate "2016.??.??"]
[WhiteTeam "Düsseldorfer SK"]
[BlackTeam "SG Solingen"]

1. d4 f5 2. Nc3 d5 3. Nf3 Nf6 4. g3 e6 5. Bg2 c6 6. Bf4 Be7 7. O-O O-O 8. Rb1
a5 9. a3 Bd7 10. Na2 c5 11. e3 b5 12. dxc5 Bxc5 13. Nc1 Ne4 14. Nd3 Bb6 15. h4
h6 16. h5 Be8 17. Nfe5 Nf6 18. Bf3 Nc6 19. Qe2 Rc8 20. Nxc6 Bxc6 21. Ne5 Be8
22. Rbd1 Qe7 23. Kg2 Bc7 24. Rh1 Bxe5 25. Bxe5 Nd7 26. Bc3 b4 27. axb4 axb4 28.
Be1 Ne5 29. Rd4 Rb8 30. Rhh4 Bb5 31. Qd1 Nc6 32. Rd2 Rfc8 33. Be2 Ne5 34. b3
Bxe2 35. Qxe2 Qb7 36. f3 Rc5 37. Bf2 Rc3 38. Rf4 Rbc8 39. Qd1 Nc6 40. Re2 Qb8
41. g4 fxg4 42. Rxg4 Qe5 43. Bg3 Qf5 44. Rf4 Qxh5 45. Be1 Rc5 46. Bxb4 Nxb4 47.
Rxb4 Rxc2 48. Rxc2 Qg6+ 49. Rg4 Qxc2+ 50. Qxc2 Rxc2+ 51. Kg3 Rc3 52. b4 Rxe3
0-1

[Event "14. Bayer Open"]
[Site "Leverkusen"]
[Date "2016.01.11"]
[Round "1.6"]
[White "Stillger, Bernhard"]
[Black "Henseler, Klaus"]
[Result "1-0"]
[WhiteElo "2231"]
[BlackElo "1825"]
[PlyCount "133"]
[EventDate "2016.??.??"]
[WhiteTeam "SV Dinslaken"]
[BlackTeam "SC Bayer Leverkusen"]

1. Nf3 Nf6 2. c4 g6 3. Nc3 Bg7 4. e4 d6 5. d4 O-O 6. Be2 e5 7. O-O Nc6 8. d5
Ne7 9. b4 Nh5 10. Re1 f5 11. Ng5 Nf4 12. Bxf4 exf4 13. Rc1 Rf6 14. exf5 Rxf5
15. Ne6 Bxe6 16. dxe6 Re5 17. Bf3 c6 18. b5 Qc7 19. bxc6 bxc6 20. Nb5 Rxe1+ 21.
Qxe1 Qd8 22. c5 dxc5 23. Rd1 Bd4 24. Nxd4 cxd4 25. Qe5 Rb8 26. Qxf4 c5 27. Qf7+
Kh8 28. Qf6+ Kg8 29. Qf7+ Kh8 30. Qf6+ Kg8 31. h4 Qc7 32. Qf7+ Kh8 33. Qf6+ Kg8
34. Qf7+ Kh8 35. h5 Rc8 36. Qf6+ Kg8 37. Qf7+ Kh8 38. Qf6+ Kg8 39. h6 Nf5 40.
e7 Qd6 41. Re1 Qxf6 42. Bd5+ Kh8 43. e8=Q+ Qf8 44. Qe5+ Ng7 45. hxg7+ Qxg7 46.
Bc4 Rd8 47. Qe8+ Qf8 48. Qxf8+ Rxf8 49. Re5 Rf5 50. Re7 d3 51. Bxd3 Rd5 52. Bf1
Rd1 53. Rxa7 c4 54. Rc7 Ra1 55. Rxc4 Rxa2 56. Rc7 Rb2 57. g3 Rb6 58. Kg2 h6 59.
Bd3 Rd6 60. Be4 Rf6 61. Rc6 Rxc6 62. Bxc6 Kg7 63. Kf3 Kf6 64. Kf4 h5 65. Bf3
g5+ 66. Ke4 Kg6 67. Ke5 1-0

[Event "14. Bayer Open"]
[Site "Leverkusen"]
[Date "2016.01.11"]
[Round "1.7"]
[White "Elsweiler, Karl-Heinz"]
[Black "Lemanczyk, Thomas"]
[Result "0-1"]
[WhiteElo "1571"]
[BlackElo "2159"]
[PlyCount "92"]
[EventDate "2016.??.??"]
[WhiteTeam "SV Opladen"]
[BlackTeam "SG Solingen"]

1. b4 e5 2. Bb2 Bxb4 3. Bxe5 Nf6 4. Nf3 O-O 5. e3 d5 6. Be2 c5 7. O-O Nc6 8.
Bc3 Re8 9. Bxb4 Nxb4 10. c3 Nc6 11. d4 c4 12. Nbd2 b5 13. Qb1 Rb8 14. a3 Bg4
15. Re1 a5 16. Ng5 Bxe2 17. Rxe2 b4 18. axb4 axb4 19. Qc2 h6 20. Ngf3 b3 21.
Qb2 Ra8 22. Ree1 Qd6 23. h3 Qf8 24. e4 Rxa1 25. Rxa1 Nxe4 26. Ra6 Nxd2 27. Qxd2
Rb8 28. Qb2 Qc8 29. Ra1 Ra8 30. Nd2 Rxa1+ 31. Qxa1 Qb7 32. Nb1 g6 33. Qa4 Kg7
34. Kf1 h5 35. Qa3 Qd7 36. Qc1 Qf5 37. Na3 Qd3+ 38. Ke1 Ne7 39. Qe3 Qxe3+ 40.
fxe3 Nf5 41. e4 dxe4 42. Nxc4 Ne3 43. Nb2 f5 44. Kf2 f4 45. c4 Kf6 46. h4 Nf5
0-1

[Event "14. Bayer Open"]
[Site "Leverkusen"]
[Date "2016.01.11"]
[Round "1.8"]
[White "Mohaupt, Sascha"]
[Black "Reif, Frank"]
[Result "1-0"]
[WhiteElo "2184"]
[BlackElo "1775"]
[PlyCount "65"]
[EventDate "2016.??.??"]
[WhiteTeam "SV Wermelskirchen"]
[BlackTeam "TV Witzhelden"]

1. Nf3 Nf6 2. g3 g6 3. Bg2 Bg7 4. O-O O-O 5. d3 d6 6. e4 e5 7. Nbd2 Nbd7 8. c3
Re8 9. Re1 Nh5 10. d4 c6 11. a4 Nf8 12. a5 exd4 13. Nxd4 Nf6 14. a6 Ne6 15.
Nxe6 fxe6 16. e5 Nd5 17. axb7 Bxb7 18. exd6 Qxd6 19. Ne4 Qe7 20. Bg5 Qf8 21. c4
h6 22. cxd5 exd5 23. Bf4 dxe4 24. Bxe4 Qf7 25. Qc2 g5 26. Bg6 Rxe1+ 27. Rxe1
Qd5 28. Bd3 Kh8 {Schwarz bietet Remis an.} 29. Bc4 Qd4 30. Bd2 Qd7 31. Bc3 Rd8
32. Qg6 Rf8 33. Qxh6# 1-0

[Event "14. Bayer Open"]
[Site "Leverkusen"]
[Date "2016.01.11"]
[Round "1.9"]
[White "Gülden, Ralf"]
[Black "Keller, Karsten"]
[Result "0-1"]
[WhiteElo "1564"]
[BlackElo "2118"]
[PlyCount "48"]
[EventDate "2016.??.??"]
[WhiteTeam "Königsspringer Leverkusen"]
[BlackTeam "Langenfelder SF"]

1. d4 Nf6 2. c4 c5 3. Nf3 cxd4 4. Nxd4 Nc6 5. e3 g6 6. Nc3 Bg7 7. Be2 O-O 8.
O-O d5 9. cxd5 Nxd5 10. Nxd5 Qxd5 11. Bf3 Qc5 12. Nb3 Qb6 13. Bxc6 bxc6 14. Qc2
Rd8 15. e4 Be6 16. Nc5 Bg4 17. Rb1 Bd1 18. Rxd1 Qxc5 19. Rxd8+ Rxd8 20. Qe2 Qa5
21. a3 Qb5 22. Qf1 Qxf1+ 23. Kxf1 Rd1+ 24. Ke2 Rh1 0-1

[Event "14. Bayer Open"]
[Site "Leverkusen"]
[Date "2016.01.11"]
[Round "1.10"]
[White "Peschel, Andreas"]
[Black "Meul, Willi"]
[Result "1-0"]
[WhiteElo "2113"]
[BlackElo "1744"]
[PlyCount "37"]
[EventDate "2016.??.??"]
[WhiteTeam "SG Solingen"]
[BlackTeam "SV Hürth-Berrenrath"]

1. d4 Nf6 2. c4 g6 3. Nc3 d5 4. cxd5 Nxd5 5. e4 Nxc3 6. bxc3 c5 7. Bc4 Bg7 8.
Ne2 O-O 9. Be3 Nc6 10. Rc1 Na5 11. Bd3 cxd4 12. cxd4 e6 13. h4 h5 14. e5 b6 15.
Nf4 Bb7 16. Nxh5 gxh5 17. Qxh5 Re8 18. Qh7+ Kf8 19. h5 1-0

[Event "14. Bayer Open"]
[Site "Leverkusen"]
[Date "2016.01.11"]
[Round "1.12"]
[White "Reinemer, Frank"]
[Black "Hoffmann, Michael"]
[Result "1-0"]
[WhiteElo "2111"]
[BlackElo "1698"]
[PlyCount "47"]
[EventDate "2016.??.??"]
[WhiteTeam "Langenfelder SF"]
[BlackTeam "SG Neuss"]

1. d4 d5 2. c4 c6 3. cxd5 cxd5 4. Nc3 Nf6 5. Bf4 Nc6 6. e3 a6 7. Bd3 Bg4 8. Nf3
Rc8 9. h3 Bxf3 10. Qxf3 e6 11. g4 Qb6 12. Qe2 Be7 13. O-O g6 14. Bh6 Bf8 15.
Bxf8 Kxf8 16. f4 Qd8 17. Rf2 Kg7 18. f5 exf5 19. gxf5 Re8 20. fxg6 hxg6 21.
Raf1 Re6 22. Qf3 Rc7 23. Qg2 Rd7 24. Bf5 1-0

[Event "14. Bayer Open"]
[Site "Leverkusen"]
[Date "2016.01.11"]
[Round "1.13"]
[White "Kronseder, Michael"]
[Black "Pejkovic, Patrick Slavko"]
[Result "0-1"]
[WhiteElo "1685"]
[BlackElo "2049"]
[PlyCount "65"]
[EventDate "2016.??.??"]
[WhiteTeam "SV Hürth-Berrenrath"]
[BlackTeam "Langenfelder SF"]

1. e4 e6 2. Nc3 d5 3. Nf3 Nf6 4. exd5 exd5 5. d4 Bd6 6. Bg5 Be6 7. Bd3 O-O 8.
O-O c6 9. Ne2 h6 10. Bf4 Qc7 11. Bxd6 Qxd6 12. Qd2 Ne4 13. Qf4 Qxf4 14. Nxf4
Bf5 15. Rfe1 Nd7 16. Nd2 Rfe8 17. f3 Nd6 18. g4 Bxd3 19. Nxd3 Rxe1+ 20. Rxe1
Re8 21. Rxe8+ Nxe8 22. Ne5 Nxe5 23. dxe5 Kf8 24. f4 Nc7 25. f5 Na6 26. c3 Nc5
27. Nf3 Na4 28. Nd4 Nxb2 29. e6 Nd1 30. h4 Nxc3 31. g5 c5 32. gxh6 gxh6 33. Nf3
0-1

[Event "14. Bayer Open"]
[Site "Leverkusen"]
[Date "2016.01.11"]
[Round "1.14"]
[White "Ramien, David"]
[Black "Baier, Uwe"]
[Result "1-0"]
[WhiteElo "2054"]
[BlackElo "1686"]
[PlyCount "81"]
[EventDate "2016.??.??"]
[WhiteTeam "SG Porz"]
[BlackTeam "SF Schlebusch"]

1. e4 e5 2. Nf3 Nc6 3. Bc4 d6 4. O-O Be7 5. h3 Nf6 6. Re1 O-O 7. d4 Qe8 8. Nc3
a6 9. a4 Nd7 10. Nd5 Bd8 11. c3 Ne7 12. Ne3 c6 13. a5 Bc7 14. dxe5 Nxe5 15. Bb3
Bd7 16. Nd4 N5g6 17. Ndf5 Nc8 18. Nc4 Be6 19. Be3 Qd7 20. Nd4 d5 21. Nb6 Qd6
22. Nxa8 Qh2+ 23. Kf1 Bd8 24. Nxe6 fxe6 25. Qg4 Rf6 26. Ke2 Qd6 27. Rad1 Nce7
28. Nb6 Ne5 29. Nc4 Nxc4 30. Bxc4 Ng6 31. Qg3 Qf8 32. Bb3 Qf7 33. Qb8 Qf8 34.
Bb6 Nf4+ 35. Kf1 Bxb6 36. Qxf8+ Rxf8 37. axb6 Kf7 38. exd5 exd5 39. c4 Rd8 40.
cxd5 cxd5 41. g3 1-0

[Event "14. Bayer Open"]
[Site "Leverkusen"]
[Date "2016.01.11"]
[Round "1.15"]
[White "Gnass, Arno"]
[Black "Ljuboschiz, Alexander"]
[Result "1-0"]
[WhiteElo "1629"]
[BlackElo "2040"]
[PlyCount "111"]
[EventDate "2016.??.??"]
[WhiteTeam "Bergische SF"]
[BlackTeam "SC Tornado Hochneukirch"]

1. d4 g6 2. Nf3 Bg7 3. c4 d6 4. Nc3 Nf6 5. g3 O-O 6. Bg2 Nbd7 7. e4 e5 8. d5
Nc5 9. Qc2 a5 10. Be3 Ne8 11. Bxc5 dxc5 12. O-O Nd6 13. Nb5 f5 14. Nxd6 cxd6
15. exf5 gxf5 16. Nh4 e4 17. Bh1 Qf6 18. Ng2 Qxb2 19. Qxb2 Bxb2 20. Rab1 Be5
21. Rfe1 Ra6 22. Rb3 a4 23. Rbb1 a3 24. Rb3 Ra4 25. Ne3 Bd4 26. f3 exf3 27.
Bxf3 Rxc4 28. Kg2 Bxe3 29. Rexe3 Rc2+ 30. Re2 Rxe2+ 31. Bxe2 Kg7 32. Rxa3 Kf6
33. Re3 Bd7 34. Rb3 Rb8 35. Rb6 Ke5 36. Bf3 Bc8 37. Kf2 Ra8 38. Rb2 b5 39. h3
b4 40. g4 fxg4 41. hxg4 Ra3 42. Kg3 Bb7 43. Re2+ Kd4 44. Re4+ Kxd5 45. Re3+ Kd4
46. Rxa3 bxa3 47. Bxb7 c4 48. Kf4 d5 49. Bc8 c3 50. Bf5 h6 51. Bc2 Kc4 52. Ke3
d4+ 53. Ke2 Kc5 54. Kd3 Kd5 55. Bb3+ Kd6 56. Kxd4 {und einige Züge später:} 1-0

[Event "14. Bayer Open"]
[Site "Leverkusen"]
[Date "2016.01.11"]
[Round "1.16"]
[White "Werner, Michael"]
[Black "Ipekyilmaz, Tayfun"]
[Result "1-0"]
[WhiteElo "1966"]
[BlackElo "1600"]
[PlyCount "35"]
[EventDate "2016.??.??"]
[WhiteTeam "Düsseldorfer SK"]
[BlackTeam "Langenfelder SF"]

1. d4 Nf6 2. c4 e5 3. dxe5 Ng4 4. Bf4 g5 5. Bg3 Bg7 6. Nf3 Nc6 7. Nc3 Ngxe5 8.
e3 d6 9. Rc1 Be6 10. h3 h5 11. h4 Nxf3+ 12. Qxf3 g4 13. Qd1 Nb4 14. Be2 Qd7 15.
Kf1 O-O-O 16. Qd4 c5 17. Qd2 f5 18. Nd5 {Rest der Notation unklar} 1-0

[Event "14. Bayer Open"]
[Site "Leverkusen"]
[Date "2016.01.11"]
[Round "1.17"]
[White "Stuch, Hans-Ferdinand"]
[Black "Goerke, Joachim"]
[Result "1/2-1/2"]
[WhiteElo "1659"]
[BlackElo "1996"]
[PlyCount "67"]
[EventDate "2016.??.??"]
[WhiteTeam "SC Bonn Beuel"]
[BlackTeam "SG Solingen"]

1. Nf3 Nf6 2. d4 g6 3. c4 d5 4. Nc3 Bg7 5. Bg5 Ne4 6. Bf4 c6 7. e3 Qa5 8. Be2
dxc4 9. Bxc4 Nxc3 10. Qd2 b5 11. Bd3 b4 12. bxc3 bxc3 13. Qc2 Ba6 14. O-O O-O
15. Rfc1 Bxd3 16. Qxd3 Nd7 17. Rxc3 c5 18. Ra3 Qd8 19. Rc1 cxd4 20. exd4 Nf6
21. Be5 Nd5 22. Bxg7 Kxg7 23. Qe4 e6 24. h3 Qe7 25. Ra5 Qb4 26. Rac5 Rab8 27.
Ne5 Rb7 28. Ng4 Qd2 29. Qe5+ Kg8 30. Rc8 Rb8 31. R8c2 Qf4 32. Qxf4 Nxf4 33.
Nf6+ Kg7 34. Nd7 1/2-1/2

[Event "14. Bayer Open"]
[Site "Leverkusen"]
[Date "2016.01.11"]
[Round "1.18"]
[White "Schulte-Lentz, Christian"]
[Black "Hegmann, Werner"]
[Result "1-0"]
[WhiteElo "2105"]
[BlackElo "1551"]
[PlyCount "35"]
[EventDate "2016.??.??"]
[WhiteTeam "Langenfelder SF"]
[BlackTeam "SV Opladen"]

1. e4 e5 2. Nf3 Nc6 3. Bc4 Bc5 4. c3 d6 5. d4 exd4 6. cxd4 Bb4+ 7. Nc3 h6 8.
O-O Nge7 9. Qb3 O-O 10. d5 Bxc3 11. dxc6 Nxc6 12. Qxc3 Re8 13. Re1 Qe7 14. Bf4
Be6 15. Rac1 Nd8 16. Nd4 c5 17. Nf5 Bxf5 18. exf5 1-0

[Event "14. Bayer Open"]
[Site "Leverkusen"]
[Date "2016.01.11"]
[Round "1.19"]
[White "Kopernok, Ingo"]
[Black "Krüger, Andre"]
[Result "0-1"]
[WhiteElo "1341"]
[BlackElo "2086"]
[PlyCount "54"]
[EventDate "2016.??.??"]
[WhiteTeam "SG Solingen"]
[BlackTeam "SV Mülheim-Nord"]

1. d4 d5 2. Bf4 Nf6 3. Nf3 c5 4. e3 Nc6 5. c3 e6 6. Bb5 Qb6 7. Qe2 Be7 8. Bxc6+
bxc6 9. O-O Ba6 10. Qc2 Bxf1 11. Kxf1 O-O 12. Ne5 Rfc8 13. Nd2 cxd4 14. exd4 c5
15. dxc5 Bxc5 16. Bg3 Nd7 17. Ndf3 Nxe5 18. Bxe5 f6 19. Bg3 e5 20. b4 Bd4 21.
Nxd4 exd4 22. Qf5 Qb5+ 23. Kg1 dxc3 24. Qe6+ Kh8 25. Bf4 Qxb4 26. Bh6 Qe4 27.
Qf7 Qg6 0-1

[Event "14. Bayer Open"]
[Site "Leverkusen"]
[Date "2016.01.11"]
[Round "1.20"]
[White "Sockel, Karl-Heinz"]
[Black "Falge, Rainer"]
[Result "1-0"]
[WhiteElo "1863"]
[BlackElo "1536"]
[PlyCount "51"]
[EventDate "2016.??.??"]
[WhiteTeam "SC Bayer Leverkusen"]
[BlackTeam "SG Solingen"]

1. d4 d6 2. e4 Nf6 3. Nd2 g6 4. Ngf3 Bg7 5. c3 O-O 6. Be2 c6 7. O-O Nbd7 8. Qc2
b5 9. a4 bxa4 10. Qxa4 Qc7 11. Re1 e5 12. dxe5 dxe5 13. Qa5 Qb8 14. Bc4 Bb7 15.
b3 Re8 16. Ng5 Re7 17. Ba3 c5 18. Bxc5 Nxc5 19. Qxc5 Rd7 20. Ndf3 h6 21. Nxf7
Rxf7 22. Nxe5 Nd5 23. Nxf7 Kxf7 24. Bxd5+ Bxd5 25. Qxd5+ Kf8 26. e5 1-0

[Event "14. Bayer Open"]
[Site "Leverkusen"]
[Date "2016.01.11"]
[Round "1.21"]
[White "Paul, André David"]
[Black "Kies, Werner"]
[Result "1/2-1/2"]
[WhiteElo "1492"]
[BlackElo "1861"]
[PlyCount "72"]
[EventDate "2016.??.??"]
[WhiteTeam "Kölner SK Dr. Lasker"]
[BlackTeam "SC Bayer Leverkusen"]

1. d4 g6 2. c4 Bg7 3. Nf3 f5 4. Nc3 Nf6 5. Bf4 d6 6. e3 O-O 7. h3 h6 8. Bd3 c6
9. Qc2 a6 10. Bh2 b5 11. a3 e6 12. b3 Bb7 13. Rd1 Ne8 14. O-O Qe7 15. Rfe1 g5
16. Qe2 g4 17. hxg4 fxg4 18. Nd2 h5 19. Bg6 Nf6 20. Nce4 e5 21. Nxd6 exd4 22.
Nxb7 d3 23. Qxd3 Qxb7 24. Ne4 Nbd7 25. Bd6 Rfc8 26. c5 Rd8 27. Nxf6+ Nxf6 28.
Qf5 Qd7 29. Qg5 Qe6 30. b4 h4 31. Bf5 Qb3 32. Rd3 Qc4 33. Red1 Re8 34. Bxg4
Qxg4 35. Qxg4 Nxg4 36. Rd4 Bxd4 1/2-1/2

[Event "14. Bayer Open"]
[Site "Leverkusen"]
[Date "2016.01.11"]
[Round "1.22"]
[White "Maric, Boris"]
[Black "Elshani, Shaip"]
[Result "1-0"]
[WhiteElo "2015"]
[BlackElo "1582"]
[PlyCount "75"]
[EventDate "2016.??.??"]
[WhiteTeam "SV Grünfeld"]
[BlackTeam "SC Bayer Leverkusen"]

1. c4 e5 2. Nc3 g6 3. g3 Bg7 4. Bg2 Ne7 5. e4 O-O 6. Nge2 c6 7. O-O Qc7 8. d4
d6 9. Be3 Nd7 10. h3 Nf6 11. Qc2 Nh5 12. c5 exd4 13. cxd6 Qxd6 14. Nxd4 Bxd4
15. Rad1 Be6 16. Bxd4 Qc7 17. Kh2 Rac8 18. f4 Qa5 19. Qf2 c5 20. Be5 f6 21. Bd6
Rf7 22. g4 Ng7 23. Rfe1 b6 24. f5 Bc4 25. Bxe7 Rxe7 26. fxg6 hxg6 27. Qxf6 Re6
28. Qg5 b5 29. e5 Qb4 30. Ne4 Qxb2 31. Nf6+ Kf8 32. Rd7 Qc2 33. Qh6 Re7 34.
Qh8+ Kf7 35. Qxc8 Rxd7 36. Qxd7+ Kf8 37. Qd8+ Kf7 38. Qg8+ 1-0

[Event "14. Bayer Open"]
[Site "Leverkusen"]
[Date "2016.01.11"]
[Round "1.23"]
[White "Milz, Ulrich"]
[Black "Brinkmann, Sven"]
[Result "0-1"]
[WhiteElo "1474"]
[BlackElo "2000"]
[PlyCount "62"]
[EventDate "2016.??.??"]
[WhiteTeam "SC Bayer Leverkusen"]
[BlackTeam "SF Köln-Mülheim"]

1. e4 Nf6 2. Nc3 e6 3. Bc4 d5 4. exd5 exd5 5. Bb3 c6 6. h3 Bd6 7. d3 O-O 8.
Nge2 Nbd7 9. a3 Re8 10. O-O Nf8 11. Bg5 Ng6 12. Qd2 h6 13. Bxh6 gxh6 14. Qxh6
Bf8 15. Qg5 Nh7 16. Qxd8 Rxd8 17. Rae1 Re8 18. Ng3 Bd7 19. Nce2 Bg7 20. c3 Re7
21. d4 Rae8 22. Bc2 Nf4 23. Nxf4 Rxe1 24. Bf5 Bxf5 25. Nxf5 Bf8 26. Nd3 Rxf1+
27. Kxf1 Nf6 28. Ne5 Ne4 29. f3 Nd6 30. Nxd6 Bxd6 31. Nd7 Kg7 0-1

[Event "14. Bayer Open"]
[Site "Leverkusen"]
[Date "2016.01.11"]
[Round "1.24"]
[White "Hendrichs, Udo"]
[Black "Lechner, Alexander"]
[Result "1/2-1/2"]
[WhiteElo "1940"]
[BlackElo "1791"]
[PlyCount "29"]
[EventDate "2016.??.??"]
[WhiteTeam "Langenfelder SF"]
[BlackTeam "Düsseldorfer SK"]

1. d4 Nf6 2. Nf3 g6 3. e3 Bg7 4. Be2 O-O 5. O-O d5 6. Nbd2 b6 7. Ne5 Nfd7 8. f4
c5 9. b3 Nxe5 10. fxe5 Nc6 11. Bb2 Be6 12. Bf3 Rc8 13. Rc1 cxd4 14. exd4 Nb4
15. Be2 1/2-1/2

[Event "14. Bayer Open"]
[Site "Leverkusen"]
[Date "2016.01.11"]
[Round "1.25"]
[White "Skiber, Friedel"]
[Black "Heller, Achim"]
[Result "0-1"]
[WhiteElo "1499"]
[BlackElo "1907"]
[PlyCount "64"]
[EventDate "2016.??.??"]
[WhiteTeam "SG Solingen"]
[BlackTeam "SG Ennepe-Ruhr-Süd"]

1. e4 c6 2. c4 d5 3. cxd5 cxd5 4. exd5 Nf6 5. Bc4 Nxd5 6. Nf3 Nc6 7. Nc3 e6 8.
Qe2 Be7 9. O-O O-O 10. Nxd5 exd5 11. Bb3 Bg4 12. Qd3 Nb4 13. Qe3 Re8 14. Qf4
Bh5 15. a3 Nd3 16. Qf5 Bg6 17. Qxd5 Qb6 18. Ne5 Nxe5 19. Ba4 Nc6 20. d4 Rad8
21. Qf3 Bf6 22. d5 Be4 23. Be3 Bxf3 24. Bxb6 Rxd5 25. Bxc6 bxc6 26. Bxa7 Rd7
27. Bc5 Be2 28. Rfe1 Bxb2 29. Rab1 Rd2 30. a4 f6 31. a5 Kf7 32. a6 Bxa6 0-1

[Event "14. Bayer Open"]
[Site "Leverkusen"]
[Date "2016.01.11"]
[Round "1.27"]
[White "Rist, Kurt"]
[Black "Kesseler, Heiko"]
[Result "0-1"]
[WhiteElo "1450"]
[BlackElo "1993"]
[PlyCount "32"]
[EventDate "2016.??.??"]
[WhiteTeam "SG Solingen"]
[BlackTeam "Elberfelder SG"]

1. e4 c5 2. Nf3 Nc6 3. d4 cxd4 4. Nxd4 Nf6 5. Nc3 e6 6. a3 Be7 7. Be3 O-O 8. f4
d5 9. e5 Nd7 10. Qf3 Bc5 11. Nce2 Qb6 12. O-O-O Ndxe5 13. fxe5 Nxe5 14. Qg3 Nc4
15. b4 e5 16. Bh6 Qxh6+ 0-1

[Event "14. Bayer Open"]
[Site "Leverkusen"]
[Date "2016.01.11"]
[Round "1.28"]
[White "Grah, Ulrich"]
[Black "Meyer zu Kniendorf, Jochen"]
[Result "1-0"]
[WhiteElo "1826"]
[BlackElo "1483"]
[PlyCount "115"]
[EventDate "2016.??.??"]
[WhiteTeam "SG Solingen"]
[BlackTeam "Düsseldorfer SK"]

1. e4 g6 2. d4 Bg7 3. Nc3 d6 4. Be3 a6 5. Qd2 b5 6. f3 Nd7 7. h4 h5 8. O-O-O
Nb6 9. Bd3 Nc4 10. Bxc4 bxc4 11. d5 Nf6 12. Nge2 e5 13. dxe6 fxe6 14. e5 Nd5
15. Nxd5 exd5 16. Qxd5 Rb8 17. Bg5 Qd7 18. Bf6 Bxf6 19. exf6 Qe6 20. Qxe6+ Bxe6
21. Nf4 Kf7 22. Rd4 Rhe8 23. Re1 Kxf6 24. Nxe6 Rxe6 25. Rxe6+ Kxe6 26. Rxc4 Kd7
27. b3 d5 28. Rf4 Ke6 29. g4 Ke5 30. Rf7 c5 31. gxh5 gxh5 32. Rh7 Rf8 33. Rxh5+
Kd4 34. c3+ Kxc3 35. Rxd5 Rxf3 36. Rxc5+ Kb4 37. Rc4+ Kb5 38. a4+ Kb6 39. Kb2
Rf2+ 40. Ka3 Rf3 41. Rg4 Rh3 42. Kb4 Rh1 43. a5+ Kc6 44. Rc4+ Kd6 45. Rg4 Kc6
46. Rg6+ Kb7 47. Rh6 Rf1 48. Rb6+ Ka7 49. h5 Rf4+ 50. Ka3 Rf5 51. Rh6 Rxa5+ 52.
Kb4 Rg5 53. Ka4 Rf5 54. b4 Rg5 {Schwarz bietet Remis an.} 55. Rh8 Kb7 56. h6
Rh5 57. h7 Kc7 58. Ra8 1-0

[Event "14. Bayer Open"]
[Site "Leverkusen"]
[Date "2016.01.11"]
[Round "1.29"]
[White "Asadzade, Idris"]
[Black "Angermünde, Dirk"]
[Result "1/2-1/2"]
[WhiteElo "1654"]
[BlackElo "1966"]
[PlyCount "95"]
[EventDate "2016.??.??"]
[WhiteTeam "Königsspringer Leverkusen"]
[BlackTeam "SF Gerresheim"]

1. Nf3 Nf6 2. c4 c5 3. g3 g6 4. Bg2 Bg7 5. O-O Nc6 6. Nc3 O-O 7. d4 cxd4 8.
Nxd4 a6 9. Nxc6 dxc6 10. Qc2 Be6 11. b3 Qc8 12. Bb2 Bh3 13. Rad1 Bxg2 14. Kxg2
Qc7 15. Rd2 Bh6 16. e3 Rad8 17. Rxd8 Rxd8 18. Rd1 Rd7 19. Rxd7 Qxd7 20. Qd1 Bg7
21. Qxd7 Nxd7 22. Na4 b5 23. Bxg7 bxa4 24. Bc3 axb3 25. axb3 Nc5 26. b4 Ne4 27.
Be1 f5 28. f3 Nd6 29. c5 Nb5 30. Kf2 Kf7 31. Ke2 Ke6 32. Kd3 Kd5 33. e4+ fxe4+
34. fxe4+ Ke5 35. Bd2 Kf6 36. h4 e5 37. Be3 Ke6 38. Bf2 h5 39. Be3 Nc7 40. Bd2
Nb5 41. Be3 Ke7 42. Bg5+ Kf7 43. Be3 Nc7 44. Bd2 Ke6 45. Be3 Ne8 46. Bg5 Nc7
47. Be3 Ne8 48. Bg5 1/2-1/2

[Event "14. Bayer Open"]
[Site "Leverkusen"]
[Date "2016.01.11"]
[Round "1.30"]
[White "Spiekermann, Stefan"]
[Black "Jacobi, Bernd"]
[Result "1-0"]
[WhiteElo "2011"]
[BlackElo "1465"]
[PlyCount "53"]
[EventDate "2016.??.??"]
[WhiteTeam "SV Menden"]
[BlackTeam "Langenfelder SF"]

1. e4 e6 2. d4 d5 3. Nc3 dxe4 4. Nxe4 Nd7 5. Nf3 Ngf6 6. Nxf6+ Nxf6 7. Bd3 b6
8. O-O Bb7 9. Bg5 Be7 10. c4 O-O 11. Re1 Bxf3 12. gxf3 h6 {
Schwarz bietet Remis an.} 13. Be3 Nd7 14. Bc2 c5 15. Qd3 Nf6 16. Rad1 Qc7 17.
Kh1 Bd6 18. Rg1 Bf4 19. Rg4 Bxe3 20. fxe3 Qc6 21. d5 exd5 22. cxd5 Qd6 23. Rdg1
g5 24. Rxg5+ hxg5 25. Rxg5+ Kh8 26. Qf5 Rg8 27. Qh3+ 1-0